000 01751nam a2200373 a 4500
001 ebr10453164
003 CaPaEBR
006 m u
007 cr cn|||||||||
008 110324s2011 enk sb 000 0 eng d
020 _z9780857245915
020 _z9780857245922 (e-book)
040 _aCaPaEBR
_cCaPaEBR
035 _a(OCoLC)710992905
050 1 4 _aLB1732
_b.N37 2011eb
245 0 0 _aNarrative inquiries into curriculum making in teacher education
_h[electronic resource] /
_cedited by Julian Kitchen, Darlene Ciuffetelli Parker, Debbie Pushor.
250 _a1st ed.
260 _aBingley, U.K. :
_bEmerald Group Pub. Ltd.,
_c2011.
300 _axvi, 297 p.
490 1 _aAdvances in research on teaching,
_x1479-3687 ;
_vv. 13
504 _aIncludes bibliographical references.
505 0 _apt. 1. An overview of narrative inquiry in teacher education -- pt. 2. Narrative histories/narrative beginnings -- pt. 3. Teacher educators working narratviely alongside teacher candidates -- pt. 4. A curriculum of lives in teacher education.
533 _aElectronic reproduction.
_bPalo Alto, Calif. :
_cebrary,
_d2011.
_nAvailable via World Wide Web.
_nAccess may be limited to ebrary affiliated libraries.
650 0 _aTeachers
_xTraining of.
650 0 _aNarrative inquiry (Research method)
650 0 _aTeacher participation in curriculum planning.
655 7 _aElectronic books.
_2local
700 1 _aKitchen, Julian.
700 1 _aCiuffetelli Parker, Darlene.
700 1 _aPushor, Debbie.
710 2 _aebrary, Inc.
830 0 _aAdvances in research on teaching ;
_vv. 13.
856 4 0 _uhttp://site.ebrary.com/lib/rucke/Doc?id=10453164
_zAn electronic book accessible through the World Wide Web; click to view
999 _c227915
_d227915